Statistics for MLB Teams from North to South

Click here to take the quiz!

General Stats

  • This quiz has been taken 117 times
  • The average score is 22 of 30

Answer Stats

LatitudeTeam% Correct
47°35′29"NSeattle Mariners
98%
44°58′54"NMinnesota Twins
92%
40°45′25″NNew York Mets
86%
40°49′45″NNew York Yankees
86%
43°38′29"NToronto Blue Jays
86%
43°1′42"NMilwaukee Brewers
84%
42°20′47″NBoston Red Sox
83%
41°56′54″NChicago Cubs
83%
41°49′48″NChicago White Sox
81%
40°26′49″NPittsburgh Pirates
81%
42°20′21″NDetroit Tigers
79%
39°54′21″NPhiladelphia Phillies
79%
41°29′45″NCleveland Indians
73%
39°17′2″NBaltimore Orioles
70%
25°46′41″NMiami Marlins
70%
29°45′25″NHouston Astros
68%
32°45′5″NTexas Rangers
68%
37°46′43″NSan Francisco Giants
67%
27°46′6″NTampa Bay Rays
67%
38°52′22″NWashington Nationals
67%
39°5′51″NCincinnati Reds
65%
39°45′22″NColorado Rockies
65%
37°45′6″NOakland Athletics
62%
33°53′24″NAtlanta Braves
60%
33°48′1″NLos Angeles Angels
60%
32°42′26″NSan Diego Padres
60%
39°3′5″NKansas City Royals
59%
38°37′21″NSt. Louis Cardinals
59%
34°4′25″NLos Angeles Dodgers
57%
33°26′43″NArizona Diamondbacks
56%

Score Distribution

Percentile by Number Answered

Percent of People with Each Score

Your Score History

You have not taken this quiz